000 01856nam a2200181Ia 4500
008 151202s9999||||xx |||||||||||||| ||und||
082 _bPNVM-122259
100 _a"मधुसूदनसरस्वती/विठ्ठलेश उपाध्याय,गौडब्रह्मानन्द,बलभद्र,/संपा-अनन्तकृष्णशास्त्री."
245 _aअद्वैतसिद्धि:विठ्ठलेशी-गौडब्रह्मानन्दी-बलभद्रसिद्धि-तरंगिणी-लघुचंद्रिकाव्याख्यासहित-संस्कृत.
260 _b"निर्णयसागर प्रकाशन,मुंबई."
260 _c1937
300 _a952
600 _a"मधुसूदनसरस्वती/विठ्ठलेश उपाध्याय,गौडब्रह्मानन्द,बलभद्र,/संपा-अनन्तकृष्णशास्त्री."
630 _aअद्वैतसिद्धि:विठ्ठलेशी-गौडब्रह्मानन्दी-बलभद्रसिद्धि-तरंगिणी-लघुचंद्रिकाव्याख्यासहित-संस्कृत.
700 _a"मधुसूदनसरस्वती/विठ्ठलेश उपाध्याय,गौडब्रह्मानन्द,बलभद्र,/संपा-अनन्तकृष्णशास्त्री."
730 _aअद्वैतसिद्धि:विठ्ठलेशी-गौडब्रह्मानन्दी-बलभद्रसिद्धि-तरंगिणी-लघुचंद्रिकाव्याख्यासहित-संस्कृत.
942 _cBOOK
999 _c1352388
_d1352385